000
00281nam a2200109Ia 4500
008
220120s9999||||xx |||||||||||||| ||und||
020
_a
978-93-85291-01-2
100
_a
Godse, A.P
_9
1195
245
0
_a
Digital electronics fundamentals
300
_a
224p;
_b
280
650
_a
MATHEMATICS
999
_c
136593
_d
136593